<?xml version="1.0" encoding="UTF-8"?>
<collection xmlns="http://www.loc.gov/MARC21/slim">
 <record>
  <leader>00652nam a22001935a 4500</leader>
  <controlfield tag="001">CEM.cems017781</controlfield>
  <controlfield tag="005">20120419162854.0</controlfield>
  <controlfield tag="008">130507s2011##################000#0#####d</controlfield>
  <controlfield tag="003">CEMS</controlfield>
  <datafield tag="020" ind1=" " ind2=" ">
   <subfield code="a">.9789872142339</subfield>
  </datafield>
  <datafield tag="082" ind1="0" ind2="4">
   <subfield code="a">633.8</subfield>
  </datafield>
  <datafield tag="245" ind1="0" ind2="0">
   <subfield code="a">Asagir 2010 5to congreso argentino de girasol :</subfield>
   <subfield code="b">con la mirada en la competitividad /</subfield>
   <subfield code="c">Compilador Carlos Feoli</subfield>
  </datafield>
  <datafield tag="260" ind1=" " ind2=" ">
   <subfield code="a">Buenos Aires :</subfield>
   <subfield code="b">Asagir,</subfield>
   <subfield code="c">2011</subfield>
  </datafield>
  <datafield tag="300" ind1=" " ind2=" ">
   <subfield code="a">364 p.</subfield>
  </datafield>
  <datafield tag="653" ind1=" " ind2=" ">
   <subfield code="a">Girasol</subfield>
  </datafield>
  <datafield tag="653" ind1=" " ind2=" ">
   <subfield code="a">Granos</subfield>
  </datafield>
  <datafield tag="700" ind1="1" ind2=" ">
   <subfield code="a">Feoli, Carlos</subfield>
  </datafield>
  <datafield tag="859" ind1=" " ind2=" ">
   <subfield code="a">CEMS</subfield>
   <subfield code="b">BIB. CEMS - Agricultura</subfield>
   <subfield code="h">633.8</subfield>
   <subfield code="i">As11</subfield>
   <subfield code="p">A1537.12</subfield>
   <subfield code="t">Ej.1</subfield>
   <subfield code="v">2010</subfield>
   <subfield code="3">2010</subfield>
  </datafield>
  <datafield tag="859" ind1=" " ind2=" ">
   <subfield code="a">CEMS</subfield>
   <subfield code="b">BIB. CEMS - Agricultura</subfield>
   <subfield code="h">633.8</subfield>
   <subfield code="i">As11</subfield>
   <subfield code="p">A3005.18</subfield>
   <subfield code="t">Ej.2</subfield>
   <subfield code="v">2010</subfield>
   <subfield code="3">2010</subfield>
  </datafield>
 </record>
</collection>
